Bores en las colecciones del Estado (Record no. 13134)
[ view plain ]
| 000 -LEADER | |
|---|---|
| campo de control de longitud fija | 00947nam a2200265 i 4500 |
| 001 - NÚMERO DE CONTROL | |
| campo de control | 13134 |
| 003 - IDENTIFICADOR DE NÚMERO DE CONTROL | |
| campo de control | ES-MaACL |
| 005 - FECHA Y HORA DE LA ÚLTIMA TRANSACCIÓN | |
| campo de control | 20230906150514.0 |
| 007 - CAMPO FIJO DE DESCRIPCIÓN FÍSICA--INFORMACIÓN GENERAL | |
| campo de control de longitud fija | t| |
| 008 - DATOS DE LONGITUD FIJA--INFORMACIÓN GENERAL | |
| campo de control de longitud fija | 930125s1990 sp ||||0| spa d |
| 016 7# - NÚMERO DE CONTROL DE UNA AGENCIA BIBLIOGRÁFICA NACIONAL | |
| Número de control cancelado/no válido | SIC92023443 |
| 020 ## - NÚMERO INTERNACIONAL ESTÁNDAR DEL LIBRO | |
| Número Internacional Estándar del Libro | 84-7483-652-2 |
| 024 8# - IDENTIFICADOR DE OTROS ESTÁNDARES | |
| Número estándar o código | NIPO 301-90-078-2 |
| 040 ## - FUENTE DE CATALOGACIÓN | |
| Centro catalogador/agencia de origen | SIC |
| Lengua de catalogación | spa |
| Centro/agencia transcriptor | SIC |
| 080 ## - NÚMERO DE LA CLASIFICACIÓN DECIMAL UNIVERSAL | |
| Número de la Clasificación Decimal Universal | 75 Bores, Francisco (064.3) |
| 245 00 - MENCIÓN DEL TÍTULO | |
| Título | Bores en las colecciones del Estado |
| Resto del título | : [exposición itinerante] / |
| Mención de responsabilidad, etc. | [organizada por el] Centro Nacional de Exposiciones. |
| 260 ## - PUBLICACIÓN, DISTRIBUCIÓN, ETC. | |
| Lugar de publicación, distribución, etc. | Madrid : |
| Nombre del editor, distribuidor, etc. | Ministerio de Cultura, Dirección General de Bellas Artes y Archivos, |
| Fecha de publicación, distribución, etc. | D.L. 1990. |
| 300 ## - DESCRIPCIÓN FÍSICA | |
| Extensión | 103 p. : |
| Otras características físicas | principalmente il. ; |
| Dimensiones | 24 cm. |
| 600 14 - PUNTO DE ACCESO ADICIONAL DE MATERIA--NOMBRE DE PERSONA | |
| Nombre de persona | Bores, Francisco ( |
| Fechas asociadas al nombre | 1898-1972) |
| 9 (RLIN) | 30440 |
| 655 #7 - TERMINO DE INDIZACIÓN--GENERO/FORMA | |
| Fuente del término | tgfbne |
| 9 (RLIN) | 193628 |
| Datos o término principal de género/forma | Catálogos de exposiciones |
| 710 2# - ENTRADA AGREGADA--NOMBRE DE ENTIDAD CORPORATIVA | |
| Nombre de entidad corporativa o nombre de jurisdicción como elemento de entrada | Centro Nacional de Exposiciones (España) |
| 9 (RLIN) | 3709 |
| 852 ## - LOCALIZACIÓN | |
| Ubicación | ES-MaACL |
| Número de control de estantería | L-20480 |
| Sublocalización o colección | R.123349 |
| 942 ## - ELEMENTOS DE ENTRADA SECUNDARIOS (KOHA) | |
| Fuente del sistema de clasificación o colocación | Clasificación decimal universal |
| Estatus retirado | Estado de pérdida | Estado de daño | No para préstamo | Biblioteca de origen | Biblioteca actual | Ubicación en estantería | Fecha de adquisición | Fuente de adquisición | Total de préstamos | Signatura topográfica completa | Código de barras | Visto por última vez | Precio de reemplazo | Tipo de ítem Koha |
|---|---|---|---|---|---|---|---|---|---|---|---|---|---|---|
| Biblioteca del Ateneo de Madrid | Biblioteca del Ateneo de Madrid | Depósito 2 | 17/01/2008 | L-20480 | 1013374 | 23/02/2023 | 23/02/2023 | Libro impreso |
